000 00360nam a2200133Ia 4500
008 240624s9999 xx 000 0 und d
041 _aeng
082 _a658.4052 ROS
100 _aROSS GEORGE H
245 _aTRUMP STYLE NEGOTIATION POWERFUL STRATEG
260 _c2006
_aNew Jersey
_bJohn Wiley and Sons
300 _axix, : 268 : p. : cm. ; 24
365 _c
_b28
999 _c7404
_d7404